000 01332cam a2200301u 4500
001 2127
003 FISKH
005 20231110093957.0
008 821218s1952 nyua j 000 0 eng
010 _a 52005930
020 _a9780439385947
040 _aDLC
_cCarP
_dDLC
_beng
050 0 0 _aPZ7.C5792
_bHb
082 _a813.54
100 1 _aCleary, Beverly.
245 1 0 _aHenry and Beezus /
250 _aFirst Scholastic printing, January 2002
260 _aNew York :
_bScholastic,
_c1952
300 _a192, 14 pages :
_billustrations ;
_c20 cm
505 _aR
520 _aTells the story of a boy with a goal--and the girl who helps him achieve it. Well-meaning Henry Huggins would do anything to get the bike of his dreams. But every idea he has keeps falling flat. Selling bubble gum on the playground gets him in trouble with his teacher. There's the paper route, but Henry's dog Ribsy nearly ruins that with his nose for mischief. Even pesky little Ramona Quimby manages to get in the way of Henry's chance at a bike. But it's with the help of his best friend Beezus that there may be a way.
521 8 _a730
_bLexile
521 8 _aR
_bRaz-Plus
650 _aSibling
_vJuvenile literature
650 _aTrouble maker
906 _a0
_bcbc
_cpremunv
_du
_encip
_f19
_gy-gencatlg
942 _2ddc
_cBK
_n0
999 _c2127
_d2127